MARC

LEADER 00000nam0a2200000 4500
001 321944
005 20231102003427.0
035 |a (RuTPU)RU\TPU\book\347500 
090 |a 321944 
100 |a 20160909d1956 m y0rusy50 ca 
101 0 |a rus 
102 |a RU 
105 |a a z 001ab 
200 1 |a Три жизни Жюля Верна  |e роман  |f К. К. Андреев 
210 |a Москва  |c Молодая гвардия  |d 1956 
215 |a 311 с.  |c ил. 
225 1 |a Жизнь замечательных людей 
320 |a Библиогр.: с. 307-311 
600 1 |a Верн  |b Ж.  |c французский писатель  |f 1828-1905  |g Жюль  |2 stltpush  |3 (RuTPU)RU\TPU\pers\20608  |9 8348 
606 1 |a Французская литература  |x История и литературная критика  |2 stltpush  |3 (RuTPU)RU\TPU\subj\64342  |9 81248 
610 1 |a художественная литература 
610 1 |a романы 
610 1 |a французские писатели 
610 1 |a 20 век 
675 |a 84(09)  |v 4 
700 1 |a Андреев  |b К. К.  |g Кирилл Константьинович  |4 070 
801 1 |a RU  |b 63413507  |c 20160909 
801 2 |a RU  |b 63413507  |c 20210112  |g RCR 
942 |c BK